01941nam a2200361 4500001000400000003000400004005001700008008004100025020001800066040000800084041001300092082001500105100003600120240009400156245015500250260003400405300001100439490004500450520077100495650002301266650003001289650002201319650001301341650001501354650001601369650001001385655001201395655001601407700003201423700003701455700004201492830004501534217OSt20250528074015.0250203b |||||||g |||| 00| 1 eng d a9788508067695 bpor hengapor a823bD754s1 aDoyle, Arthur Conan,d1859-1930 aMemories of Sherlock Holmes, The return of Sherlock Holmes, The hound of the Baskervilles aSherlock Holmes, Volume II /cDoyle, Arthur Conan ; Tradução de Áurea de Brito Weissenberg, Flávio Mello e Silva e Arnaldo Viriato de Medeiros aRio de JaneirobEdiouroc2002 a597 p.1 aObra completa / Sherlock Holmesvvol. 02 aNeste volume: Memórias de Sherlock Holmes (contos), A Volta de Sherlock Holmes (contos) e O Cão dos Baskervilles. Os fatos são contundentes. O povo tomou conta de Holmes. Chegou a crer na sua existência. Nenhum personagem de ficção tem no mundo mais vasta bibliografia, com toda uma gama de estudos, dos mais ingênuos aos mais eruditos; ninguém, fictício ou real, foi alvo de tantas representações teatrais, cinematográficas, em histórias em quadrinhos, em palavras cruzadas, em seriados de TV; ninguém multiplicou um gênero (literatura policial) em proporções de tiragens tão astronômicas. Os "holmistas" existiram desde a primeira hora e continuam surgindo no fluir das gerações. Holmes não tem leitores, tem devotos. 0aLiteratura Inglesa 0aCrime e Investigação  0aRomance Policial  0aSuspense 0aMistério 0aClássicos 0aFilme 0aRomance 0aFicção  aAurea WeissenbergeTradutor aFlávio Mello e SilvaeTradutor aArnaldo Viriato de MedeiroseTradutor aObra completa / Sherlock Holmesvvol. 02